Kill Your Heroes Lyrics Quiz - Statistics

General Stats
  • This quiz has been taken 2 times
  • The average score is 24 of 28
Answer Stats
Lyrics Answer % Correct
Everyday we just go, go, ____ ____ go baby don’t
100%
Don’t worry _____ everybody will die (die, die) ‘cause
100%
No more ________ no more pain destination
100%
Baby ____ cry don’t
100%
Well I met an old man _____ on a ____ dying train
100%
well he said one thing: “Before I ______ graduate
100%
Everyday we ___ go go baby don’t go just
100%
I say you ___ your _____ and fly fly baby don’t cry kill heroes
100%
Don’t you worry we ___ you more than you know love
100%
Don’t you worry, we love you ___ ___ you know more than
100%
____ __ your fear decide your fate” Never let
100%
Well I met an ___ ___ dying on a train old man
100%
No more destination, no more ___ pain
100%
Well I hate to be the one to ___ the night ruin
100%
I ___ you kill your heroes and fly, fly, ___ don’t cry say baby
100%
___ he said one thing: “Before I graduate Well
100%
No need to ____ cause everybody will die worry
100%
No need to ____ ‘cause everybody will die worry
100%
Right before ____, right before your eyes your
100%
Never let ____ ____ decide your fate” your fear
100%
No need to worry ‘cause ______ will ___ everybody die
50%
______ we just go, go, baby don’t go Everyday
50%
I say you kill your heroes and ___, fly, baby don’t ___ fly cry
50%
Everyday we ____ __, go baby don’t go just go
50%
Don’t you worry, we love you more than you know (____, ____, ____) know know know
50%
Don’t you worry, we ____ ___ ____ than you know love you more
50%
Unexplainable ______ in the sky sightings
50%
Well the ___ one day will leave us all _____ sun behind
0%
No matching quizzes found
Score Distribution
Percent of People with Each Score
Percentile by Number Answered
Your Score History
You have not taken this quiz